| 000 | 00354nam a2200133Ia 4500 | ||
|---|---|---|---|
| 008 | 220217s9999||||xx |||||||||||||| ||und|| | ||
| 020 | _a978-81-7722-737-6 | ||
| 082 | _a005.1 KOG | ||
| 100 | _aKogent Solutions Inc. | ||
| 245 | 0 | _aEE 1.4 projects | |
| 260 |
_aDream tech press _bNew Delhi _c2008 |
||
| 300 | _b299 | ||
| 650 | _aPROGRAMMING LANGUAGE | ||
| 999 |
_c177244 _d177244 |
||